| 000 | 00329nam a2200133Ia 4500 | ||
|---|---|---|---|
| 008 | 190216s9999||||xx |||||||||||||| ||und|| | ||
| 100 | _aDay R A &underwood A L | ||
| 245 | 0 | _aQuantitative Analysis | |
| 250 | _a5th Ed. | ||
| 260 |
_bPrentice Hall India _c1988 |
||
| 300 | _a774p | ||
| 650 | _aChemistry-Chemistry | ||
| 942 | _cBK | ||
| 999 |
_c2687 _d2687 |
||